States With the Most Albanians - Statistics

General Stats
  • This quiz has been taken 70 times
  • The average score is 7 of 10
Answer Stats
Percentage Answer % Correct
0.3% New York
97%
0.15% New Jersey
77%
0.08 Rhode Island
75%
0.28% Massachusetts
72%
0.1 Illinois
70%
0.35% Connecticut
67%
0.25% Michigan
67%
0.08 Pennsylvania
67%
0.13 New Hampshire
59%
0.08 Washington DC
56%
No matching quizzes found
Score Distribution
Percent of People with Each Score
Percentile by Number Answered
Your Score History
You have not taken this quiz